000
00232nam a22000857a 4500
008
160928b xxu||||| |||| 00| 0 eng d
100
_9
779
_a
Aggarwal.K.etal.
245
_a
English Course-8
260
_a
New Delhi
_b
S. Chand Publications
_c
2011
999
_c
3434
_d
3434